000 00363pab a2200157 454500
008 180718b2012 xxu||||| |||| 00| 0 eng d
100 _aMarksteiner, Pete
245 _aDon't sabotage your organization
260 _c2012
300 _ap.70-72.
362 _aWinter
650 _aOrganizations
773 _aPublic Manager
908 _aN
909 _a102342
999 _c102340
_d102340